Self-Organized Arrays of Gold Nanoparticles Morphology and Plasmonic Properties /

This thesis addresses the fabrication and investigation of the optical response of gold nanoparticle arrays supported on insulating LiF(110) nanopatterned substrates. Motivated by the discovery of the intriguing effects that arise when electromagnetic radiation interacts with metallic nanostructures...

Full description

Bibliographic Details
Main Author: Anghinolfi, Luca (Author)
Corporate Author: SpringerLink (Online service)
Format: Electronic eBook
Language:English
Published: Berlin, Heidelberg : Springer Berlin Heidelberg : Imprint: Springer, 2012.
Series:Springer Theses, Recognizing Outstanding Ph.D. Research,
Subjects:
Online Access:Full Text via HEAL-Link
LEADER 03091nam a22006015i 4500
001 978-3-642-30496-5
003 DE-He213
005 20151204155855.0
007 cr nn 008mamaa
008 120615s2012 gw | s |||| 0|eng d
020 |a 9783642304965  |9 978-3-642-30496-5 
024 7 |a 10.1007/978-3-642-30496-5  |2 doi 
040 |d GrThAP 
050 4 |a QC350-467 
050 4 |a TA1501-1820 
050 4 |a QC392-449.5 
050 4 |a TA1750-1750.22 
072 7 |a TTB  |2 bicssc 
072 7 |a PHJ  |2 bicssc 
072 7 |a TEC030000  |2 bisacsh 
082 0 4 |a 621.36  |2 23 
100 1 |a Anghinolfi, Luca.  |e author. 
245 1 0 |a Self-Organized Arrays of Gold Nanoparticles  |h [electronic resource] :  |b Morphology and Plasmonic Properties /  |c by Luca Anghinolfi. 
264 1 |a Berlin, Heidelberg :  |b Springer Berlin Heidelberg :  |b Imprint: Springer,  |c 2012. 
300 |a X, 126 p.  |b online resource. 
336 |a text  |b txt  |2 rdacontent 
337 |a computer  |b c  |2 rdamedia 
338 |a online resource  |b cr  |2 rdacarrier 
347 |a text file  |b PDF  |2 rda 
490 1 |a Springer Theses, Recognizing Outstanding Ph.D. Research,  |x 2190-5053 
505 0 |a Theory -- Experimental Methods -- Self-Organized Nanoparticle Arrays: Morphological Aspects -- Self-Organized Nanoparticle Arrays: Optical Properties -- Modelling and Analysis of the Optical Properties -- Composite Media Based on Au/LiF Arrays. 
520 |a This thesis addresses the fabrication and investigation of the optical response of gold nanoparticle arrays supported on insulating LiF(110) nanopatterned substrates. Motivated by the discovery of the intriguing effects that arise when electromagnetic radiation interacts with metallic nanostructures, the thesis focuses on the application of bottom-up approaches to the fabrication of extended-area plasmonic nanostructures, and the optimization of their optical response. By developing a sophisticated effective-medium model and comparing the experimental findings with model calculations, the author explores the role of the interparticle electromagnetic coupling and array dimensionality on the collective plasmonic behavior of the array, giving insights into the physical mechanisms governing the optical response. 
650 0 |a Physics. 
650 0 |a Atoms. 
650 0 |a Nanoscale science. 
650 0 |a Nanoscience. 
650 0 |a Nanostructures. 
650 0 |a Optics. 
650 0 |a Optoelectronics. 
650 0 |a Plasmons (Physics). 
650 0 |a Nanotechnology. 
650 1 4 |a Physics. 
650 2 4 |a Optics, Optoelectronics, Plasmonics and Optical Devices. 
650 2 4 |a Nanoscale Science and Technology. 
650 2 4 |a Nanotechnology. 
650 2 4 |a Atomic, Molecular, Optical and Plasma Physics. 
710 2 |a SpringerLink (Online service) 
773 0 |t Springer eBooks 
776 0 8 |i Printed edition:  |z 9783642304958 
830 0 |a Springer Theses, Recognizing Outstanding Ph.D. Research,  |x 2190-5053 
856 4 0 |u http://dx.doi.org/10.1007/978-3-642-30496-5  |z Full Text via HEAL-Link 
912 |a ZDB-2-PHA 
950 |a Physics and Astronomy (Springer-11651)